000 00253nam a22000977a 4500
008 230712b |||||||| |||| 00| 0 eng d
020 _a9781974720149
100 _aAkutami Gege
_97692
245 _aJusustu Kaisen-0
260 _aSan Francisco
_bViz media
_c2021
999 _c12352
_d12352